MARC

LEADER 00000nam0a2200000 4500
001 92833
005 20231031104904.0
035 |a (RuTPU)RU\TPU\book\99439 
090 |a 92833 
100 |a 20060321d1977 km y0rusy50 ca 
101 0 |a rus 
102 |a RU 
105 |a a z 001zy 
200 1 |a Некоторые вопросы диагностики материалов акустическими методами  |f Ю. П. Щевьев, В. Е. Чабанов 
210 |a Ленинград  |c Изд-во Ленинградского ун-та  |d 1977 
215 |a 150 с.  |c ил. 
320 |a Библиогр.: с. 144-147. 
610 1 |a акустические методы 
610 1 |a материалы 
610 1 |a параметры 
610 1 |a определение 
610 1 |a эталонные отражатели 
610 1 |a синтез 
610 1 |a акустические характеристики 
610 1 |a диагностика 
675 |a 620.179  |v 3 
700 1 |a Щевьев  |b Ю. П.  |g Юрий Павлович 
701 1 |a Чабанов  |b В. Е.  |g Владимир Емельянович 
801 1 |a RU  |b 63413507  |c 20060321  |g PSBO 
801 2 |a RU  |b 63413507  |c 20191125  |g PSBO 
942 |c BK